Starsuckers (Record no. 333545)
[ view plain ]
| 000 -LEADER | |
|---|---|
| fixed length control field | 00536nam a2200097Ia 4500 |
| 008 - FIXED-LENGTH DATA ELEMENTS--GENERAL INFORMATION | |
| fixed length control field | 170517s9999 xx 000 0 und d |
| 245 ## - TITLE STATEMENT | |
| Title | Starsuckers |
| 300 ## - PHYSICAL DESCRIPTION | |
| Extent | Starsuckers is a feature documentary about the celebrity obsessed media, that uncovers the real reasons behind our addiction to fame and blows the lid on the corporations and individuals who profit from it. Made completely independently over 2 years in secret, the film... |
| 650 ## - SUBJECT ADDED ENTRY--TOPICAL TERM | |
| General subdivision | Media. |
| 856 ## - ELECTRONIC LOCATION AND ACCESS | |
| Uniform Resource Identifier | <a href="http://topdocumentaryfilms.com/tabloids-tories-and-telephone-hacking/">http://topdocumentaryfilms.com/tabloids-tories-and-telephone-hacking/</a> |
| Withdrawn status | Lost status | Damaged status | Home library | Current library | Date acquired | Total Checkouts | Date last seen | Price effective from | Koha item type |
|---|---|---|---|---|---|---|---|---|---|
| College Library | College Library | 05/17/2017 | 05/17/2017 | 05/17/2017 | Documentary Films |